000
00336 a2200109 4500
001
ART_41781
005
20260410161814.0
008
260409a
245
1
0
_a
Inserciones de la literatura en la enseñanza del derecho
100
1
_a
Cardinaux, Nancy
773
0
_t
Academia
_g
- Año 13, Nº 25 (ene./jun. 2015)
_w
REV4314
999
_c
21700
_d
21700